000 nam a22 a 4500
999 _c390799
_d390799
003 BLK
005 20201028150037.0
008 201012b bul|||||r ||||||| ||bul||
040 _aBLK
041 _aFRE
_cFRE
080 _aБиология на клетката и субклетъчни частици. Цитология. Вж и 581. 1; 581. 4; 591. 1; 591. 4
_b576
_z576
100 _aDuval, Mathias
_eпърви автор
_9435727
139 _aDuval, Mathias
245 1 0 _aLe Darwinisme
_bLecons proposees a l'École d'anthropologie: Avec 7 figures intercalees dans le texte
_cMathias Duval.
257 _aFRA
260 _aParis
_bAdrien Delahaye et Emile Lecrosnier
_c1886
_9435728
300 _aLX, 576 p.
_c22 см
380 _a5
490 _9435080
_aКолекция Редки и ценни издания
490 _9435730
_aBibliotheque anthropologique
650 7 _9152842
_aДарвинизъм
653 7 _9184613
_aдарвинизъм
852 _aРф 886
_bРц
856 4 _qpdf
_u
856 4 _qpdf
_u
942 _cKNG
_n0
_s1
944 _c2020-10-28
_kТД
999 _d390799
999 _d390799
999 _d389989
999 _d389989